Gaming Quiz

Random Gaming or Japanese Quiz
Score 0/156 Timer 10:00
0 Plays Today
Hint Answer % Correct
ZoroaZorua
90.9%
ZoroakuZoroark
81.8%
BikutiniVictini
72.7%
MogurewDrilbur
72.7%
DoryuzuExcadrill
72.7%
ElfuunWhimsicott
72.7%
ProtogaTirtouga
72.7%
EmongaEmolga
72.7%
DentulaGalvantula
72.7%
ReshiramuReshiram
72.7%
ZekuromuZekrom
72.7%
KyuremuKyurem
72.7%
TsutarjaSnivy
63.6%
JanovyServine
63.6%
JalordaSerperior
63.6%
PokabuTepig
63.6%
EnbuohEmboar
63.6%
MijumaruOshawott
63.6%
FutachimaruDewott
63.6%
DaikenkiSamurott
63.6%
MinezumiPatrat
63.6%
MiruhogWatchog
63.6%
YorterrieLillipup
63.6%
MoolandStoutland
63.6%
YanappuPansage
63.6%
VanirichVanillish
63.6%
YanakkieSimisage
63.6%
BaoppuPansear
63.6%
BaokkieSimisear
63.6%
HiyappuPanpour
63.6%
BachuruJoltik
63.6%
HiyakkieSimipour
63.6%
MunnaMunna
63.6%
MushanaMusharna
63.6%
MamepatoPidove
63.6%
HatobohTranquill
63.6%
KenhallowUnfezant
63.6%
ShimamaBlitzle
63.6%
ZeburaikaZebstrika
63.6%
DangoroRoggenrola
63.6%
GantoruBoldore
63.6%
GigaiasuGigalith
63.6%
KoromoriWoobat
63.6%
KokoromoriSwoobat
63.6%
TabunneAudino
63.6%
KurumiruSewaddle
63.6%
KurumayuSewaddle
63.6%
HahakomoriLeavanny
63.6%
HihidarumaDarmanitan
63.6%
MegurocoSandile
63.6%
WaruvileKrokorok
63.6%
WaruvileKrookodile
63.6%
Hint Answer % Correct
DarumakkaDarumaka
63.6%
MaracacchiMaractus
63.6%
ZurugguScraggy
63.6%
ZuruzukinScrafty
63.6%
SimbolerSigilyph
63.6%
AbagouraCarracosta
63.6%
AkenArchen
63.6%
GothimuGothita
63.6%
UniranSolosis
63.6%
SuwannaSwanna
63.6%
VanipetiVanillite
63.6%
BaivanillaVanilluxe
63.6%
ChevargoEscavalier
63.6%
ChandelaChandelure
63.6%
LamplerLampent
63.6%
KibagoAxew
63.6%
TunbearBeartic
63.6%
AgilderAccelgor
63.6%
CrimganDruddigon
63.6%
GobitGolett
63.6%
GoloogGolurk
63.6%
BuffronBouffalant
63.6%
WarrgleBraviary
63.6%
VulginaMandibuzz
63.6%
AiantDurant
63.6%
KobaruonCobalion
63.6%
BirijionVirizion
63.6%
TorunerosuTornadus
63.6%
RandorosuLandorus
63.6%
KerudioKeldeo
63.6%
MeroettaMeloetta
63.6%
GenosekutoGenesect
63.6%
ChaobooPignite
54.5%
HerderrieHerdier
54.5%
ChoronekoPurrloin
54.5%
LepardasLiepard
54.5%
DokkorerTimburr
54.5%
DotekkotsuGurdurr
54.5%
RoubushinConkeldurr
54.5%
NagekiThroh
54.5%
DagekiSawk
54.5%
FushideVenipede
54.5%
WheegaWhirlipede
54.5%
PendoraScolipede
54.5%
MonmenCottonee
54.5%
ChurinePetilil
54.5%
DredearLilligant
54.5%
BassraoBasculin
54.5%
DesumasuYamask
54.5%
DesukanCofagrigus
54.5%
OnondoFraxure
54.5%
KirikizanBisharp
54.5%
Hint Answer % Correct
ArcheosArcheops
54.5%
YabukuronTrubbish
54.5%
DustdasGarbodor
54.5%
ChillarmyMinccino
54.5%
GothimiruGothorita
54.5%
GothiruselleGothitelle
54.5%
DoublanDuosion
54.5%
LanculusReuniclus
54.5%
KoaruhieDucklett
54.5%
GigiaruKlang
54.5%
KaburumoKarrablast
54.5%
PururillFrillish
54.5%
BurungelJellicent
54.5%
MamanbouAlomomola
54.5%
TesseedFerroseed
54.5%
GiaruKlink
54.5%
GigigiaruKlinklang
54.5%
LigrayElgyem
54.5%
OhbemBeheeyem
54.5%
OnonokusHaxorus
54.5%
KumasyunCubchoo
54.5%
FreegeoCryogonal
54.5%
ChobomakiShelmet
54.5%
KomatanaPawniard
54.5%
KojofuMienfoo
54.5%
KojondoMienshao
54.5%
WashibonRufflet
54.5%
ValchaiVullaby
54.5%
KuitaranHeatmor
54.5%
MonozuDeino
54.5%
DiheadZweilous
54.5%
MerlavaLarvesta
54.5%
UlgamothVolcarona
54.5%
TerakionTerrakion
54.5%
BorutorosuThundurus
54.5%
OtamaroTympole
45.5%
GamagaruPalpitoad
45.5%
GamagerogeSeismitoad
45.5%
ChillaccinoCinccino
45.5%
ShikijikaDeerling
45.5%
MebukijikaSawsbuck
45.5%
TamagetakeFoongus
45.5%
MorobareruAmoongus
45.5%
NutreyFerrothorn
45.5%
ShibishirasuTynamo
45.5%
ShibibeelEelektrik
45.5%
ShibirudonEelektross
45.5%
SazandoraHydreigon
45.5%
IshizumaiDwebble
36.4%
IwapalaceCrustle
36.4%
MaggyoStunfisk
36.4%
HitomoshiLitwik
18.2%

You're not logged in!

Compare scores with friends on all Sporcle quizzes.
OR
Log In

Sporcle TV

Today on Sporcle TV


Watch our educational content, quiz creation guides, and fun videos on Sporcle TV.

Show Comments

Extras

Top Quizzes Today


Score Distribution

Paid Content

Your Account Isn't Verified!

In order to create a playlist on Sporcle, you need to verify the email address you used during registration. Go to your Sporcle Settings to finish the process.

Report this User

Report this user for behavior that violates our Community Guidelines.

Details: